Learning web design a beginner's guide to HTML, graphics, and beyond/ (Record no. 1630)

MARC details
000 -LEADER
Fixed length control field 00551nam a2200181 4500
003 - CONTROL NUMBER IDENTIFIER
Control field SEACOMEC
005 - DATE AND TIME OF LATEST TRANSACTION
Control field 20240824121643.0
008 - FIXED-LENGTH DATA ELEMENTS--GENERAL INFORMATION
Fixed length control field 240824b |||||||| |||| 00| 0 eng d
020 ## - INTERNATIONAL STANDARD BOOK NUMBER / ISBN
International Standard Book Number 978-0596004842
Price 375.00
040 ## - CATALOGING SOURCE
Original cataloging agency SEACOMEC
082 ## - DEWEY DECIMAL CLASSIFICATION NUMBER
Classification number 006.7
Book Number N666
100 ## - MAIN ENTRY--PERSONAL NAME
Personal name Niederst, Jennifer
245 ## - TITLE STATEMENT
Title Learning web design a beginner's guide to HTML, graphics, and beyond/
Statement of responsibility Jennifer Niederst
250 ## - EDITION STATEMENT
Edition statement 2nd ed.
260 ## - IMPRINT
Place of publication Mumbai
Name of publisher Shroff Publishers
Date of publication 2006
650 ## - SUBJECT ADDED ENTRY--TOPICAL TERM
Topical term Web sites -- Handbooks, manuals, etc. -- Design
942 ## - ADDED ENTRY ELEMENTS (KOHA)
Koha item type Books
Holdings
Withdrawn status Lost status Source of classification Damaged status Not for loan Home library Current library Date acquired Total Checkouts Call number Accession number Date last seen Price effective from Koha item type Copy number
    Dewey Decimal Classification     SEACOM ENGINEERING COLLEGE SEACOM ENGINEERING COLLEGE 06/06/2007   006.7 N666 6895 24/08/2024 24/08/2024 Reference Books  
    Dewey Decimal Classification     SEACOM ENGINEERING COLLEGE SEACOM ENGINEERING COLLEGE 06/06/2007   006.7 N666 6896 24/08/2024 24/08/2024 Books 1
    Dewey Decimal Classification     SEACOM ENGINEERING COLLEGE SEACOM ENGINEERING COLLEGE 06/06/2007   006.7 N666 6897 24/08/2024 24/08/2024 Books 2
    Dewey Decimal Classification     SEACOM ENGINEERING COLLEGE SEACOM ENGINEERING COLLEGE 06/06/2007   006.7 N666 6898 24/08/2024 24/08/2024 Books 3
    Dewey Decimal Classification     SEACOM ENGINEERING COLLEGE SEACOM ENGINEERING COLLEGE 06/06/2007   006.7 N666 6899 24/08/2024 24/08/2024 Books 4
© Seacom Engineering College, All rights reserved.      Powered by Koha